[Event "HUN-chT 2223"]
[Site "Hungary"]
[Date "2023.02.12"]
[Round "5.10"]
[White "Varga, Zoltan"]
[Black "Gelle, Istvan"]
[Result "1-0"]
[WhiteElo "2377"]
[BlackElo "2179"]
[PlyCount "65"]
[EventDate "2022.11.20"]
[EventType "team-tourn"]
[EventRounds "9"]
[EventCountry "HUN"]
[SourceTitle "CBM 213 Extra"]
[Source "ChessBase"]
[SourceDate "2023.05.31"]
[SourceVersion "1"]
[SourceVersionDate "2023.05.31"]
[SourceQuality "1"]
[WhiteTeam "Ajka Sentimento"]
[BlackTeam "Hetenyi Geza"]
[WhiteTeamCountry "HUN"]
[BlackTeamCountry "HUN"]

1. e4 c6 2. c4 d5 3. exd5 cxd5 4. cxd5 Nf6 5. Nc3 Nxd5 6. Nf3 Nc6 7. d4 Bg4 8. Bb5 Rc8 9. h3 Bxf3 10. Qxf3 e6 11. Nxd5 Qxd5 12. Qxd5 exd5 13. Be3 a6 14. Ba4 Bd6 15. Bb3 Ne7 16. Ke2 Kd7 17. Kd3 h5 18. Rhe1 f6 19. Bd2 b6 20. h4 Rhe8 21. g3 Rcd8 22. a3 Bb8 23. Bd1 g6 24. Bf3 Rc8 25. Re2 b5 26. Rae1 Ba7 27. Bc3 a5 28. Bxa5 Nc6 29. Rxe8 Rxe8 30. Rxe8 Kxe8 31. Bc3 Ne7 32. Bb4 Nc6 33. Bxd5 1-0

[Event "HUN-chT 2223"]
[Site "Hungary"]
[Date "2023.01.29"]
[Round "4.10"]
[White "Gelle, Istvan"]
[Black "Palczert, Matyas"]
[Result "0-1"]
[WhiteElo "2179"]
[BlackElo "2296"]
[PlyCount "114"]
[EventDate "2022.11.20"]
[EventType "team-tourn"]
[EventRounds "9"]
[EventCountry "HUN"]
[SourceTitle "CBM 213 Extra"]
[Source "ChessBase"]
[SourceDate "2023.05.31"]
[SourceVersion "1"]
[SourceVersionDate "2023.05.31"]
[SourceQuality "1"]
[WhiteTeam "Hetenyi Geza"]
[BlackTeam "Aquaprofit"]
[WhiteTeamCountry "HUN"]
[BlackTeamCountry "HUN"]

1. d4 Nf6 2. Bf4 d5 3. e3 e6 4. Nf3 Bd6 5. Bg3 0-0 6. Nbd2 c5 7. c3 b6 8. Ne5 Qc7 9. Bd3 Ba6 10. Bxa6 Nxa6 11. Qe2 Nb8 12. a4 Nc6 13. Nxc6 Qxc6 14. Qf3 Rae8 15. 0-0 Ne4 16. Rfd1 cxd4 17. exd4 Nxg3 18. hxg3 a5 19. Qd3 f6 20. Nf3 Rb8 21. Qb5 Qxb5 22. axb5 Rfc8 23. g4 g5 24. g3 Ra8 25. Ra4 Kf7 26. Kg2 Ra7 27. Ne1 Rac7 28. Nc2 Kg6 29. Ne3 h5 30. gxh5+ Kxh5 31. Rh1+ Kg6 32. Ng4 Bf8 33. Raa1 Bg7 34. Rae1 Re7 35. f4 gxf4 36. gxf4 a4 37. Ra1 Ra7 38. Ne3 f5 39. Nc2 Ra5 40. Nb4 Kf7 41. Ra2 Rc4 42. Nc2 Bf8 43. Rh7+ Kg6 44. Rb7 Rxb5 45. Ra7 Rb3 46. Na1 Rb5 47. Nc2 Bd6 48. Kf3 Rb3 49. Ne3 a3 50. Nxc4 dxc4 51. bxa3 Rxc3+ 52. Kg2 Bxf4 53. Rb7 Rb3 54. a4 Be3 55. Rc2 c3 56. a5 Bxd4 57. axb6 Rb2 0-1

[Event "Lignano Bella Italia op 1st"]
[Site "Lignano Sabbiadoro"]
[Date "2022.08.23"]
[Round "9"]
[White "Giraldi, Edoardo"]
[Black "Gelle, Istvan"]
[Result "1-0"]
[WhiteElo "1909"]
[BlackElo "2218"]
[PlyCount "107"]
[EventDate "2022.08.18"]
[EventType "swiss"]
[EventRounds "9"]
[EventCountry "ITA"]
[SourceTitle "CBM 210 Extra"]
[Source "ChessBase"]
[SourceDate "2022.11.30"]
[SourceVersion "1"]
[SourceVersionDate "2022.11.30"]
[SourceQuality "1"]

1. e4 c6 2. Nf3 d5 3. d3 Bg4 4. h3 Bh5 5. g4 Bg6 6. Qe2 dxe4 7. dxe4 Nd7 8. Bf4 e5 9. Bg3 Qb6 10. c3 f6 11. Bg2 0-0-0 12. 0-0 Nc5 13. Nh4 Ne7 14. Na3 Bf7 15. Rfd1 Ng6 16. Rxd8+ Qxd8 17. Rd1 Qc7 18. Nf5 b5 19. Qd2 Ne6 20. Bf1 a6 21. Nc2 Ngf4 22. Bxf4 Nxf4 23. Nb4 Bxb4 24. cxb4 Bxa2 25. Ra1 Rd8 26. Qe3 g6 27. Rxa2 gxf5 28. Rxa6 Rd4 29. exf5 Nd5 30. Qa3 Qe7 31. Rxc6+ Nc7 32. Qa7 Rxb4 33. Bg2 e4 34. Re6 Qd7 35. Bxe4 Nxe6 36. Qa8+ Kc7 37. Qa5+ Kc8 38. Qxb4 Qd1+ 39. Kh2 Qd4 40. Qxd4 Nxd4 41. Kg3 b4 42. Kf4 h6 43. Ke3 Nb3 44. f4 Kd7 45. h4 Kd6 46. g5 fxg5 47. fxg5 hxg5 48. hxg5 Ke5 49. f6 Ke6 50. f7 Ke7 51. g6 Nc5 52. Bd5 Kf8 53. Kd4 Nd7 54. Be4 1-0

[Event "Lignano Bella Italia op 1st"]
[Site "Lignano Sabbiadoro"]
[Date "2022.08.22"]
[Round "8"]
[White "Gelle, Istvan"]
[Black "Heredia Serrano, Carla Sofia"]
[Result "0-1"]
[WhiteElo "2218"]
[BlackElo "2090"]
[PlyCount "34"]
[EventDate "2022.08.18"]
[EventType "swiss"]
[EventRounds "9"]
[EventCountry "ITA"]
[SourceTitle "CBM 210 Extra"]
[Source "ChessBase"]
[SourceDate "2022.11.30"]
[SourceVersion "1"]
[SourceVersionDate "2022.11.30"]
[SourceQuality "1"]

1. d4 d5 2. Bf4 Nf6 3. e3 c5 4. Nf3 Nc6 5. Nbd2 cxd4 6. exd4 Bg4 7. c3 e6 8. Qb3 Bd6 9. Qxb7 0-0 10. Qxc6 Bxf4 11. Bd3 Rb8 12. Rb1 Qa5 13. a3 Bf5 14. Bxf5 exf5 15. 0-0 Rb6 16. Qc5 Qa6 17. b4 Rb5 0-1

[Event "HUN-ch Rapid"]
[Site "Ajka"]
[Date "2022.07.17"]
[Round "13"]
[White "Gelle, Istvan"]
[Black "Vajda, Szidonia"]
[Result "1/2-1/2"]
[WhiteElo "2218"]
[BlackElo "2313"]
[PlyCount "163"]
[EventDate "2022.07.15"]
[EventType "swiss (rapid)"]
[EventRounds "13"]
[EventCountry "HUN"]
[SourceTitle "CBM 209 Extra"]
[Source "ChessBase"]
[SourceDate "2022.09.30"]
[SourceVersion "1"]
[SourceVersionDate "2022.09.30"]
[SourceQuality "1"]

1. d4 d5 2. Bf4 Nf6 3. e3 e6 4. Nf3 c5 5. c3 Bd6 6. Bg3 Qc7 7. Bxd6 Qxd6 8. Ne5 0-0 9. Bd3 Nc6 10. f4 Ne4 11. Bxe4 dxe4 12. Nd2 f5 13. Ndc4 Qd5 14. dxc5 Qxc5 15. b4 Qe7 16. Qd6 Qxd6 17. Nxd6 Nxe5 18. fxe5 b6 19. g3 Bd7 20. a4 a6 21. a5 b5 22. Nb7 Bc6 23. Nc5 Bd5 24. Rd1 Rfd8 25. Rd4 Kf7 26. Kf2 Ke7 27. Rhd1 Rdc8 28. Rg1 Rxc5 29. bxc5 Rc8 30. Ke2 Rxc5 31. Kd2 h5 32. h3 Bb7 33. g4 fxg4 34. hxg4 h4 35. g5 Rxe5 36. Rh1 Rxg5 37. Rxh4 Rg2+ 38. Kc1 Bd5 39. Rd2 Rg3 40. Re2 Kd6 41. Rhh2 Kc5 42. Rhg2 Rxg2 43. Rxg2 b4 44. cxb4+ Kxb4 45. Rxg7 Kxa5 46. Rc7 Kb6 47. Rc8 a5 48. Kb2 Kb7 49. Rc3 Kb6 50. Ka3 Kb5 51. Rc8 Kb6 52. Rb8+ Kc7 53. Rb5 a4 54. Rb4 Bb3 55. Rd4 Kc6 56. Kb4 Kc7 57. Rxe4 Kd6 58. Rd4+ Ke5 59. Kc3 Kf5 60. Rb4 Ke5 61. Kd3 Kf5 62. Rb5+ e5 63. Rb4 Bd1 64. Kd2 Bb3 65. Ke2 Bc2 66. Rc4 Bb3 67. Rb4 Bc2 68. Kd2 Bb3 69. Kd3 Bd1 70. Rb1 Bb3 71. Rf1+ Ke6 72. e4 Kd6 73. Kc3 Be6 74. Kb4 Bb3 75. Rf6+ Ke7 76. Ra6 Bc2 77. Ra5 Kf6 78. Ra6+ Kg5 79. Kc3 Bxe4 80. Rxa4 Kf5 81. Kd2 Bd5 82. Ke3 1/2-1/2

[Event "HUN-ch Rapid"]
[Site "Ajka"]
[Date "2022.07.15"]
[Round "3"]
[White "Papp, Levente"]
[Black "Gelle, Istvan"]
[Result "1-0"]
[WhiteElo "2394"]
[BlackElo "2218"]
[PlyCount "79"]
[EventDate "2022.07.15"]
[EventType "swiss (rapid)"]
[EventRounds "13"]
[EventCountry "HUN"]
[SourceTitle "CBM 209 Extra"]
[Source "ChessBase"]
[SourceDate "2022.09.30"]
[SourceVersion "1"]
[SourceVersionDate "2022.09.30"]
[SourceQuality "1"]

1. c4 c6 2. Nf3 d5 3. b3 Bf5 4. Bb2 e6 5. g3 Nf6 6. Bg2 Be7 7. 0-0 0-0 8. d3 h6 9. Nc3 Nbd7 10. Qc2 Bh7 11. e4 Nc5 12. Rad1 a5 13. Qe2 dxc4 14. bxc4 Qb6 15. e5 Nfd7 16. d4 Na6 17. d5 cxd5 18. cxd5 Ndc5 19. d6 Bd8 20. Nd4 Bd3 21. Rxd3 Nxd3 22. Qxd3 Qxb2 23. Ndb5 Nc5 24. Qc4 Bb6 25. Rb1 Qd2 26. Rd1 Qb2 27. Nd4 Nd7 28. Na4 Qb4 29. Nxb6 Nxb6 30. Qc7 Nd5 31. Bxd5 exd5 32. Nf5 Kh7 33. Ne7 d4 34. Qc2+ g6 35. Qe4 f5 36. Qd5 f4 37. Qe6 Rg8 38. Nxg8 Rxg8 39. Qf7+ Rg7 40. Qxf4 1-0

[Event "Pula op 34th"]
[Site "Pula"]
[Date "2022.06.23"]
[Round "7"]
[White "Gelle, Istvan"]
[Black "Pastar, Slaven"]
[Result "0-1"]
[WhiteElo "2250"]
[BlackElo "2300"]
[PlyCount "80"]
[EventDate "2022.06.18"]
[EventType "swiss"]
[EventRounds "9"]
[EventCountry "CRO"]
[SourceTitle "CBM 209 Extra"]
[Source "ChessBase"]
[SourceDate "2022.09.30"]
[SourceVersion "1"]
[SourceVersionDate "2022.09.30"]
[SourceQuality "1"]

1. d4 Nf6 2. Bf4 e6 3. e3 c5 4. c3 Nc6 5. Nd2 d5 6. Ngf3 Bd6 7. Bg3 0-0 8. Bd3 b6 9. Ne5 Bb7 10. 0-0 Qc7 11. Ndf3 Ne7 12. Qb1 Ne4 13. Bxe4 dxe4 14. Nd2 f6 15. Nec4 Bxg3 16. hxg3 Ng6 17. b4 f5 18. Rc1 Bd5 19. a4 h5 20. bxc5 bxc5 21. Qb5 Rab8 22. Qa5 Qe7 23. Rab1 Rbc8 24. Ne5 Nxe5 25. dxe5 c4 26. Rb4 g5 27. Rcb1 h4 28. Nf1 Qg7 29. Rb5 Qxe5 30. gxh4 gxh4 31. Rb7 f4 32. Rxa7 Rf5 33. Qb6 h3 34. exf4 Qxf4 35. Qe3 hxg2 36. Kxg2 Rcf8 37. Rb2 Qh4 38. Kg1 Rf3 39. Qd4 Qg5+ 40. Ng3 e3 0-1

[Event "Lignano Sabbiadoro op 6th"]
[Site "Lignano Sabbiadoro"]
[Date "2020.08.01"]
[Round "1"]
[White "Rindone, Andrea"]
[Black "Gelle, Istvan"]
[Result "1-0"]
[WhiteElo "2014"]
[BlackElo "2301"]
[PlyCount "55"]
[EventDate "2020.08.01"]
[EventType "swiss"]
[EventRounds "9"]
[EventCountry "ITA"]
[SourceTitle "EXT 2021"]
[Source "ChessBase"]
[SourceDate "2020.10.23"]
[SourceVersion "1"]
[SourceVersionDate "2020.10.23"]
[SourceQuality "1"]

1. e4 c6 2. d4 d5 3. exd5 cxd5 4. c4 Nf6 5. Nc3 Nc6 6. Nf3 a6 7. Bg5 Be6 8. Bxf6 exf6 9. c5 Be7 10. Bd3 0-0 11. a3 a5 12. Qc2 h6 13. Ne2 Bg4 14. h3 Bxf3 15. gxf3 a4 16. 0-0-0 b6 17. Rhg1 Re8 18. Ng3 Kh8 19. Nf5 Bf8 20. Bb5 Re6 21. Rg3 bxc5 22. Nxh6 gxh6 23. Bxc6 Bd6 24. Qd2 f5 25. Bxa8 Bxg3 26. fxg3 Qxa8 27. dxc5 Rg6 28. Qxd5 1-0

[Event "Split op 9th"]
[Site "Split"]
[Date "2019.08.07"]
[Round "5"]
[White "Gelle, Istvan"]
[Black "Diermair, Andreas"]
[Result "0-1"]
[WhiteElo "2325"]
[BlackElo "2473"]
[PlyCount "56"]
[EventDate "2019.08.03"]
[EventType "swiss"]
[EventRounds "9"]
[EventCountry "CRO"]
[SourceTitle "CBM 191 Extra"]
[Source "ChessBase"]
[SourceDate "2019.09.30"]
[SourceVersion "1"]
[SourceVersionDate "2019.09.30"]
[SourceQuality "1"]

1. d4 d5 2. Bf4 c5 3. e3 Nc6 4. c3 Nf6 5. Nd2 Bf5 6. Ngf3 Qb6 7. Nh4 Bd7 8. Qb3 c4 9. Qc2 Nh5 10. Bg3 g6 11. e4 e6 12. Be2 Nxg3 13. hxg3 Bg7 14. e5 Qa5 15. a3 Ne7 16. Rc1 f6 17. f4 fxe5 18. fxe5 Bh6 19. g4 Ba4 20. Qb1 0-0-0 21. Rh3 Rdf8 22. Nhf3 Bf4 23. g3 Be3 24. g5 Nc6 25. Rh4 Qd8 26. Rg4 Rf5 27. Bf1 Rhf8 28. Bg2 Bxg5 0-1

[Event "HUN-ch rapid"]
[Site "Ajka"]
[Date "2019.07.21"]
[Round "13"]
[White "Gelle, Istvan"]
[Black "Medvegy, Zoltan"]
[Result "0-1"]
[WhiteElo "2325"]
[BlackElo "2539"]
[PlyCount "80"]
[EventDate "2019.07.19"]
[EventType "swiss (rapid)"]
[EventRounds "13"]
[EventCountry "HUN"]
[SourceTitle "CBM 191 Extra"]
[Source "ChessBase"]
[SourceDate "2019.09.30"]
[SourceVersion "1"]
[SourceVersionDate "2019.09.30"]
[SourceQuality "1"]

1. d4 e6 2. Bf4 c5 3. e3 Nf6 4. c3 Be7 5. Nd2 0-0 6. h3 b6 7. Ngf3 d6 8. a4 cxd4 9. exd4 a6 10. Be2 Bb7 11. 0-0 Nbd7 12. Bh2 Re8 13. Re1 Nf8 14. Qb3 Ng6 15. Nc4 Rb8 16. Nfd2 Bc6 17. Ne3 Qc8 18. Ndc4 Qc7 19. Qa3 Red8 20. a5 b5 21. Nb6 Qb7 22. b4 Nd5 23. Nexd5 Bxd5 24. Bf1 Nf8 25. Rec1 Bf6 26. Qb2 Nd7 27. Bxd6 Nxb6 28. Bxb8 Nc4 29. Bxc4 bxc4 30. Bg3 Bxg2 31. Kh2 Bc6 32. Rg1 Rd5 33. Qe2 Qb5 34. Rae1 Rf5 35. Be5 Bg5 36. Rg3 Qd5 37. f4 Bh4 38. Rxg7+ Kf8 39. Qg4 Bxe1 40. Rg8+ Ke7 0-1

[Event "HUN-chT2 Maroczy 1718"]
[Site "Hungary"]
[Date "2018.05.06"]
[Round "9.9"]
[White "Gelle, Istvan"]
[Black "Kiss, Peter2222"]
[Result "1/2-1/2"]
[WhiteElo "2358"]
[BlackElo "2167"]
[PlyCount "155"]
[EventDate "2017.10.29"]
[EventType "team-tourn"]
[EventRounds "9"]
[EventCountry "HUN"]
[SourceTitle "EXT 2021"]
[Source "ChessBase"]
[SourceDate "2020.10.23"]
[SourceVersion "1"]
[SourceVersionDate "2020.10.23"]
[SourceQuality "1"]
[WhiteTeam "Budapest HASE"]
[BlackTeam "Budapest Kobanya II"]
[WhiteTeamCountry "HUN"]
[BlackTeamCountry "HUN"]

1. d4 Nf6 2. Bf4 b6 3. e3 Bb7 4. Nf3 e6 5. Nbd2 Be7 6. h3 0-0 7. Be2 c5 8. c3 d5 9. 0-0 Nbd7 10. a4 Rc8 11. a5 cxd4 12. exd4 bxa5 13. Qa4 Qb6 14. Qxa5 Bc6 15. b4 Ne4 16. Rfc1 Ba8 17. Qxa7 Nxc3 18. Rxc3 Qxa7 19. Rxa7 Rxc3 20. Rxd7 Bxb4 21. Nf1 Bc6 22. Ra7 Ra8 23. Rxa8+ Bxa8 24. Bd2 Rb3 25. Bxb4 Rxb4 26. N1d2 Bc6 27. Kf1 Bb5 28. Bxb5 Rxb5 29. Ke2 f6 30. Ne1 Kf7 31. f4 h6 32. g4 Rb4 33. Nef3 g5 34. f5 Ra4 35. Nf1 Ra2+ 36. N3d2 exf5 37. gxf5 Ra4 38. Nf3 Ra2+ 39. N1d2 h5 40. Ne1 Kg7 41. Ng2 Ra4 42. Nf3 g4 43. hxg4 hxg4 44. Nh2 Rxd4 45. Ne3 Re4 46. Kd3 g3 47. Nhf1 Rg4 48. Ng2 d4 49. Nd2 Kf7 50. Ne4 Rg8 51. Kxd4 Ra8 52. Ke3 Ra2 53. Kf3 Ra3+ 54. Kf4 Ra4 55. Ne3 Ke7 56. Kf3 Ra3 57. Nxg3 Ra5 58. Ne2 Ra4 59. Nc3 Ra1 60. Ke4 Kd6 61. Kd4 Rh1 62. Ne4+ Ke7 63. Nd5+ Kf7 64. Kc5 Rf1 65. Nd6+ Kg7 66. Kc6 Kh6 67. Kd7 Kg5 68. Ne7 Kg4 69. Ke6 Kh5 70. Kf7 Rf2 71. Ne4 Rf3 72. Kg7 Rf4 73. Nc5 Rf1 74. Nd7 Kg5 75. Nf8 Rxf5 76. Nh7+ Kg4 77. Nxf6+ Rxf6 78. Kxf6 1/2-1/2

[Event "Budapest-chT1 Lilienthal 1718"]
[Site "Budapest"]
[Date "2018.03.18"]
[Round "12"]
[White "Gelle, Istvan"]
[Black "Havasi, Janos"]
[Result "1-0"]
[WhiteElo "2307"]
[BlackElo "2136"]
[PlyCount "73"]
[EventDate "2017.10.01"]
[EventType "team-tourn"]
[EventRounds "13"]
[EventCountry "HUN"]
[SourceTitle "EXT 2021"]
[Source "ChessBase"]
[SourceDate "2020.10.23"]
[SourceVersion "1"]
[SourceVersionDate "2020.10.23"]
[SourceQuality "1"]
[WhiteTeam "Fabulon"]
[BlackTeam "Budapest Vasas II"]
[WhiteTeamCountry "HUN"]
[BlackTeamCountry "HUN"]

1. d4 Nf6 2. Bf4 g6 3. e3 Bg7 4. Nf3 d6 5. h3 0-0 6. Be2 b6 7. 0-0 Bb7 8. a4 Nbd7 9. a5 a6 10. axb6 cxb6 11. Nbd2 Ra7 12. Re1 Qa8 13. Bf1 Nd5 14. Bh2 b5 15. Nb3 N5b6 16. Na5 Bd5 17. Nd2 Nf6 18. c3 Qe8 19. b3 Ne4 20. c4 Nxd2 21. Qxd2 bxc4 22. bxc4 Ba8 23. Qb4 Nd7 24. Red1 Qc8 25. Rac1 Re8 26. c5 dxc5 27. dxc5 e5 28. g4 Bf8 29. Nb3 Qc6 30. e4 Rb8 31. Qc4 Qxe4 32. Qxe4 Bxe4 33. Nd2 Bc6 34. Nc4 Ba4 35. Rd3 Bxc5 36. Nxe5 Nxe5 37. Bxe5 1-0

[Event "Budapest-chT1 Lilienthal 1718"]
[Site "Budapest"]
[Date "2018.02.11"]
[Round "9"]
[White "Gelle, Istvan"]
[Black "Vaczi, Imre"]
[Result "1-0"]
[WhiteElo "2307"]
[BlackElo "2156"]
[PlyCount "99"]
[EventDate "2017.10.01"]
[EventType "team-tourn"]
[EventRounds "13"]
[EventCountry "HUN"]
[SourceTitle "EXT 2021"]
[Source "ChessBase"]
[SourceDate "2020.10.23"]
[SourceVersion "1"]
[SourceVersionDate "2020.10.23"]
[SourceQuality "1"]
[WhiteTeam "Fabulon"]
[BlackTeam "Mattolda"]
[WhiteTeamCountry "HUN"]
[BlackTeamCountry "HUN"]

1. d4 Nf6 2. Bf4 d6 3. Nf3 g6 4. e3 Bg7 5. h3 0-0 6. Be2 Nbd7 7. 0-0 Re8 8. c4 e5 9. dxe5 Nh5 10. Bg5 f6 11. exf6 Nhxf6 12. Nc3 h6 13. Bh4 g5 14. Bg3 Nc5 15. Qc2 Nce4 16. Nxe4 Nxe4 17. Bh2 Qf6 18. Bd3 Nc5 19. Bg6 Re7 20. Nd4 a5 21. Rad1 Bd7 22. b3 Rf8 23. g4 Kh8 24. Qb1 Bc8 25. Bg3 Bd7 26. Kh2 Kg8 27. Bc2 Bh8 28. a3 Be6 29. f4 Bd7 30. e4 h5 31. e5 dxe5 32. fxe5 Qh6 33. Rxf8+ Kxf8 34. gxh5 Qxh5 35. Bf5 Bxe5 36. Bxe5 Rxe5 37. Rf1 Kg8 38. Bxd7 Nxd7 39. Qd3 Nc5 40. Qg3 Qe8 41. Nf5 Ne4 42. Qg4 Qg6 43. h4 Nf6 44. Qxg5 Qxg5 45. hxg5 Nh7 46. Nh6+ Kg7 47. Rf7+ Kg6 48. Rxc7 Nxg5 49. Ng4 Kf5 50. Nxe5 1-0

[Event "Budapest-chT1 Lilienthal 1718"]
[Site "Budapest"]
[Date "2017.12.10"]
[Round "5"]
[White "Grimm, Gyorgy"]
[Black "Gelle, Istvan"]
[Result "1/2-1/2"]
[WhiteElo "2138"]
[BlackElo "2307"]
[PlyCount "83"]
[EventDate "2017.10.01"]
[EventType "team-tourn"]
[EventRounds "13"]
[EventCountry "HUN"]
[SourceTitle "EXT 2021"]
[Source "ChessBase"]
[SourceDate "2020.10.23"]
[SourceVersion "1"]
[SourceVersionDate "2020.10.23"]
[SourceQuality "1"]
[WhiteTeam "Barcza GSC"]
[BlackTeam "Fabulon"]
[WhiteTeamCountry "HUN"]
[BlackTeamCountry "HUN"]

1. e4 c6 2. d4 d5 3. Nd2 dxe4 4. Nxe4 Bf5 5. Ng3 Bg6 6. Nh3 e6 7. Nf4 Bd6 8. h4 Bxf4 9. Bxf4 h6 10. c3 Nf6 11. Bd3 Bxd3 12. Qxd3 0-0 13. Qf3 Qd5 14. Qxd5 cxd5 15. 0-0 Rc8 16. Rac1 b5 17. f3 Nc6 18. Ne2 h5 19. a4 a6 20. Ra1 Nd7 21. b3 Na5 22. axb5 axb5 23. Ra3 Nb6 24. Rb1 g6 25. Bd2 Nc6 26. Rba1 Rxa3 27. Rxa3 Ra8 28. Rxa8+ Nxa8 29. Kf2 f6 30. Ke3 Kf7 31. Kd3 Nb6 32. Be3 Ne7 33. Bf4 Nf5 34. Bg3 Ke7 35. Bc7 Nd7 36. c4 bxc4+ 37. bxc4 dxc4+ 38. Kxc4 Ne3+ 39. Kd3 Nd5 40. Ba5 Kd6 41. Bd2 f5 42. Ng1 1/2-1/2

[Event "HUN-chT2 Breyer 1718"]
[Site "Hungary"]
[Date "2017.10.08"]
[Round "2.3"]
[White "Gombocz, Ferenc Jr"]
[Black "Gelle, Istvan"]
[Result "0-1"]
[WhiteElo "2106"]
[BlackElo "2307"]
[PlyCount "60"]
[EventDate "2017.09.24"]
[EventType "team-tourn"]
[EventRounds "11"]
[EventCountry "HUN"]
[SourceTitle "EXT 2021"]
[Source "ChessBase"]
[SourceDate "2020.10.23"]
[SourceVersion "1"]
[SourceVersionDate "2020.10.23"]
[SourceQuality "1"]
[WhiteTeam "Paty"]
[BlackTeam "Budapest HASE"]
[WhiteTeamCountry "HUN"]
[BlackTeamCountry "HUN"]

1. c4 c6 2. g3 d5 3. Nf3 Nf6 4. Bg2 Bf5 5. 0-0 e6 6. cxd5 exd5 7. Nc3 d4 8. Nh4 Be6 9. Ne4 Be7 10. Nxf6+ Bxf6 11. Nf3 0-0 12. d3 c5 13. b3 Nc6 14. Bb2 Rc8 15. Rc1 b6 16. Nd2 Nb4 17. Ne4 Be7 18. a3 Nd5 19. Nd2 a5 20. Qe1 h5 21. e4 dxe3 22. fxe3 Bg5 23. Bxd5 Qxd5 24. Ne4 Bh6 25. Rc3 Bh3 26. Rf6 Rc6 27. Rxc6 Qxc6 28. Qe2 f5 29. Qxh5 Bxe3+ 30. Kh1 fxe4 0-1